Score 0/7 Timer 03:00
0 Plays Today
Question Answer Wrong Answers
This iconic American actress and businesswoman, who created one of the most beloved sitcoms in television history with her husband, Desi Arnaz, is born.
1911
Lucille Ball
94.2%
Vivien Leigh
1.8%
Doris Day
2.4%
Carol Burnett
1.4%
Gertrude Ederle becomes the first woman to swim across this body of water, which links the southern part of the North Sea to the Atlantic Ocean.
1926
English Channel
91.2%
St. George’s Channel
3.3%
Dardanelles
1.3%
Strait of Gibraltar
3.7%
The United Nations Security Council orders a global trade embargo against Iraq in response to their invasion of ______.
1990
Kuwait
85.3%
Jordan
1.1%
Syria
4.4%
Iran
8.3%
Queen ______ of the Netherlands becomes the first reigning queen to address the two bodies of the United States Congress (though not technically a 'joint session').
1942
Wilhelmina
64.3%
Elizabeth
4.1%
Catherine
7.3%
Margrethe
23.4%
This South American country gains independence from Spain.
1825
Bolivia
60.5%
Peru
10.9%
Ecuador
10.2%
Uruguay
18.3%
This influential punk band, known for songs like ‘Teenage Lobotomy’ and ‘Blitzkrieg Bop’, plays their farewell concert at The Palace in Los Angeles.
1996
Ramones
58.7%
Sex Pistols
25.6%
The Clash
12.8%
The Stooges
1.8%
A military junta led by Mohamed Ould Abdel Aziz stages a coup d'état in this Northwest African country, overthrowing president Sidi Ould Cheikh Abdallahi.
2008
Mauritania
38.1%
Chad
25.4%
Uganda
22%
Gabon
13%
Come Together.
Have Fun.
All Virtual.
We all need to come together. Play Sporcle's virtual live trivia to have fun, connect with people, and get your trivia on. Join a live hosted trivia game for your favorite pub trivia experience done virtually. If a virtual private party is more your thing, go here for details.

You're not logged in!

Compare scores with friends on all Sporcle quizzes.
OR
Log In

Sporcle TV

Today on Sporcle TV


Watch our educational content, quiz creation guides, and fun videos on Sporcle TV.

Show Comments

Extras

Top Quizzes Today


Score Distribution

Paid Content

Your Account Isn't Verified!

In order to create a playlist on Sporcle, you need to verify the email address you used during registration. Go to your Sporcle Settings to finish the process.

Report this User

Report this user for behavior that violates our Community Guidelines.

Details: